|
|
|
|
| LEADER |
00839nam a2200241 a 4500 |
| 001 |
c000109607 |
| 003 |
CARM |
| 005 |
19710101000000.0 |
| 008 |
721103s1972 enk 000 1 eng d |
| 015 |
|
|
|a B7228775
|
| 019 |
1 |
|
|a 3552842
|5 LACONCORD2021
|
| 020 |
|
|
|a 0709130600 :
|c L.1.50
|
| 035 |
|
|
|a (OCoLC)16254865
|5 LACONCORD2021
|
| 040 |
|
|
|a BNB
|b eng
|c BNB
|
| 082 |
0 |
4 |
|a 823/.9/1
|2 18
|
| 100 |
1 |
|
|a Martin, Desmond.
|
| 245 |
1 |
0 |
|a Prescription for death /
|c by Desmond Martin.
|
| 260 |
|
|
|a London :
|b Hale,
|c 1972.
|
| 300 |
|
|
|a 189 p. ;
|c 20cm.
|
| 500 |
|
|
|a Fiction in English, 1900-. Texts (BNB/PRECIS)
|
| 852 |
8 |
|
|b CARM
|h A2:AJ15G0
|i A02348
|p 0157397
|f BK
|
| 999 |
f |
f |
|i f74299ed-e6fa-53bf-b328-6a0fa84b5780
|s 30635eb3-a63f-58bf-9493-a9b3f31bcd0f
|
| 952 |
f |
f |
|p Can circulate
|a CAVAL
|b CAVAL
|c CAVAL
|d CARM 1 Store
|e A02348
|f A2:AJ15G0
|h Other scheme
|i book
|m 0157397
|